Life of Sir William Rowan Hamilton (Record no. 154784)
[ view plain ]
| 000 -LEADER | |
|---|---|
| campo de control de longitud fija | 00870nam a22002055i 4500 |
| 001 - NÚMERO DE CONTROL | |
| campo de control | 154784 |
| 003 - IDENTIFICADOR DE NÚMERO DE CONTROL | |
| campo de control | ES-MaACL |
| 005 - FECHA Y HORA DE LA ÚLTIMA TRANSACCIÓN | |
| campo de control | 20251012194537.0 |
| 008 - DATOS DE LONGITUD FIJA--INFORMACIÓN GENERAL | |
| campo de control de longitud fija | 040708m18821889ie a |||| | eng d |
| 040 ## - FUENTE DE CATALOGACIÓN | |
| Centro catalogador/agencia de origen | CAM |
| Lengua de catalogación | spa |
| Centro/agencia transcriptor | CAM |
| 100 1# - ENTRADA PRINCIPAL--NOMBRE DE PERSONA | |
| Nombre de persona | Graves, Robert Perceval. |
| 9 (RLIN) | 59784 |
| 245 10 - MENCIÓN DEL TÍTULO | |
| Título | Life of Sir William Rowan Hamilton |
| Resto del título | : including selections from his poems, correspondence and miscellaneous writings / |
| Mención de responsabilidad, etc. | by Robert Perceval Graves. |
| 260 ## - PUBLICACIÓN, DISTRIBUCIÓN, ETC. | |
| Lugar de publicación, distribución, etc. | Dublin : |
| Nombre del editor, distribuidor, etc. | Hodges, Figgis & Co. ; |
| Lugar de publicación, distribución, etc. | London : |
| Nombre del editor, distribuidor, etc. | Longmans, Green & Co., |
| Fecha de publicación, distribución, etc. | 1882-1889. |
| 300 ## - DESCRIPCIÓN FÍSICA | |
| Extensión | 3 v. (XVIII, 698; XV, 719; XXXV, 673 p., [3] h. de fot.) ; |
| Dimensiones | 23 cm. |
| 490 1# - MENCIÓN DE SERIE | |
| Mención de serie | Dublin University Press Series |
| 600 17 - PUNTO DE ACCESO ADICIONAL DE MATERIA--NOMBRE DE PERSONA | |
| Nombre de persona | Hamilton, William Rowan, |
| Títulos y otros términos asociados al nombre | Sir, |
| Fechas asociadas al nombre | 1805-1865 |
| Fuente del encabezamiento o término | |
| 9 (RLIN) | 154473 |
| 830 0# - PUNTO DE ACCESO ADICIONAL DE SERIE-TÍTULO UNIFORME | |
| Título uniforme | Dublin University Press Series |
| 9 (RLIN) | 188771 |
| 852 ## - LOCALIZACIÓN | |
| Ubicación | ES-MaACL |
| Número de control de estantería | F-95-97 |
| Nota libre | -- Enc. tela grabada |
| Estatus retirado | Estado de pérdida | Estado de daño | No para préstamo | Colección | Biblioteca de origen | Biblioteca actual | Ubicación en estantería | Fecha de adquisición | Total de préstamos | Signatura topográfica completa | Código de barras | Visto por última vez | Precio de reemplazo | Tipo de ítem Koha |
|---|---|---|---|---|---|---|---|---|---|---|---|---|---|---|
| Libros del s. XIX | Biblioteca del Ateneo de Madrid | Biblioteca del Ateneo de Madrid | Depósito 2 | 17/01/2008 | F-95-97 | 1161894 | 23/02/2023 | 23/02/2023 | Libro impreso antiguo |
